| 000 | 00646nam a22001457a 4500 | ||
|---|---|---|---|
| 999 |
_c525974 _d525974 |
||
| 008 | 240429b ||||| |||| 00| 0 eng d | ||
| 100 |
_aLeamer, E.D. _944759 |
||
| 245 | _aGoldberg, Pinelopi Koujianou. The unequal effects of globalization | ||
| 260 | _aJournal of Economic Literature | ||
| 300 | _a62(1). Mar, 2024: p.327-329 | ||
| 520 | _aLeamer, Ed. 2024. "Goldberg, Pinelopi Koujianou. The Unequal Effects of Globalization." Journal of Economic Literature, 62 (1): 327-29.- Reproduced https://www.aeaweb.org/articles?id=10.1257/jel.62.1.317.r7 | ||
| 773 | _aJournal of Economic Literature | ||
| 906 | _aBOOK REVIEW | ||
| 942 | _cAR | ||